00546 2200193 4500001002100000008004100021035002000062245007000082100002000152700002900172260004400201300002600245020001500271084001700286082000800303650001300311990001400324990001400338INLIS000000000015397 ind  a0010-0317015395 aRekayasa ulang perusahaan : Sebuah manifesto bagi revolusi bisnis aHammer, Michael aWidodo, Marcus Prihminto aJakarta :bGramedia Pustaka Utamac1995 aviii, 997 hlm.c21 cm a9796951435 a620 Ham r -3 a620 aREKAYASA a042695211 a042595211